For services rendered : (Record no. 130516)
[ view plain ]
| 000 -LEADER | |
|---|---|
| fixed length control field | 00891cam a2200253 i 4500 |
| 001 - CONTROL NUMBER | |
| control field | 327810 |
| 003 - CONTROL NUMBER IDENTIFIER | |
| control field | ARRUPE |
| 005 - DATE AND TIME OF LATEST TRANSACTION | |
| control field | 20201020115330.0 |
| 008 - FIXED-LENGTH DATA ELEMENTS--GENERAL INFORMATION | |
| fixed length control field | 760607r1977 nyu 000 0 eng |
| 010 ## - LIBRARY OF CONGRESS CONTROL NUMBER | |
| LC control number | 75025388 |
| 020 ## - INTERNATIONAL STANDARD BOOK NUMBER | |
| International Standard Book Number | 0330261290 |
| 040 ## - CATALOGING SOURCE | |
| Original cataloging agency | DLC |
| Transcribing agency | DLC |
| Modifying agency | DLC |
| 050 00 - LIBRARY OF CONGRESS CALL NUMBER | |
| Classification number | PR6025.A86 |
| Item number | F6 1977 |
| 082 00 - DEWEY DECIMAL CLASSIFICATION NUMBER | |
| Classification number | 822/.9/12 |
| 300 ## - PHYSICAL DESCRIPTION | |
| Dimensions | 21 cm. |
| 100 1# - MAIN ENTRY--PERSONAL NAME | |
| Personal name | Maugham, W. Somerset |
| Fuller form of name | (William Somerset), |
| Dates associated with a name | 1874-1965. |
| 9 (RLIN) | 43773 |
| 245 10 - TITLE STATEMENT | |
| Title | For services rendered : |
| Remainder of title | a play in three acts / |
| Statement of responsibility, etc | W. Somerset Maugham. |
| 260 ## - PUBLICATION, DISTRIBUTION, ETC. (IMPRINT) | |
| Place of publication, distribution, etc | New York : |
| Name of publisher, distributor, etc | Arno Press, |
| Date of publication, distribution, etc | 1977, c1933. |
| 300 ## - PHYSICAL DESCRIPTION | |
| Extent | 87 p. ; |
| 490 1# - SERIES STATEMENT | |
| Series statement | The works of W. Somerset Maugham |
| 500 ## - GENERAL NOTE | |
| General note | Reprint of the 1st ed. published by Doubleday, Doran, Garden City, N.Y. |
| 800 1# - SERIES ADDED ENTRY--PERSONAL NAME | |
| Personal name | Maugham, W. Somerset |
| Fuller form of name | (William Somerset), |
| Dates associated with a name | 1874-1965. |
| Title of a work | Works. |
| Date of a work | 1977. |
| 9 (RLIN) | 49917 |
| 906 ## - LOCAL DATA ELEMENT F, LDF (RLIN) | |
| a | 7 |
| b | cbc |
| c | orignew |
| d | 1 |
| e | ocip |
| f | 19 |
| g | y-gencatlg |
| 942 ## - ADDED ENTRY ELEMENTS (KOHA) | |
| Source of classification or shelving scheme | Library of Congress Classification |
| Koha item type | Monograph ( Printed materials) |
| Withdrawn status | Lost status | Source of classification or shelving scheme | Damaged status | Not for loan | Home library | Current library | Date acquired | Total Checkouts | Full call number | Date last seen | Price effective from | Koha item type | Collection code | Shelving location | Barcode |
|---|---|---|---|---|---|---|---|---|---|---|---|---|---|---|---|
| Library of Congress Classification | ARRUPE LIBRARY | ARRUPE LIBRARY | 20/10/2020 | PR6025.A86 F6 1977 | 20/10/2020 | 20/10/2020 | Monograph ( Printed materials) | ||||||||
| Library of Congress Classification | ARRUPE LIBRARY | ARRUPE LIBRARY | 20/10/2020 | PR6025.A86 F6 1977 | 20/10/2020 | 20/10/2020 | Monograph ( Printed materials) | Main Collection | Main Collection | 46600008090 |